| 000 | 00396nam a2200157Ia 4500 | ||
|---|---|---|---|
| 008 | 230524s9999 xx 000 0 und d | ||
| 082 |
_a612.3812 _bSIV |
||
| 100 | _aS.N.Sivanandam | ||
| 245 | 0 | _aElectric Circuit Anlysis (Problems & Solutions) | |
| 250 | _a1ST | ||
| 260 |
_aNEW DELHI _bVikas _c2002 |
||
| 300 | _aXVI;354 | ||
| 500 | _aQuantity Number: 3 | ||
| 650 | _aElectrical | ||
| 942 | _cBK | ||
| 999 |
_c8717 _d8717 |
||